| 000 | 00481nam a22001697a 4500 | ||
|---|---|---|---|
| 003 | BD-DhUL | ||
| 005 | 20190722154208.0 | ||
| 008 | 190722s1950 ii ||||| |||| 00| 0 urd d | ||
| 040 |
_aBD-DhUL _cBD-DhUL |
||
| 082 |
_a891.431 _bMUJ |
||
| 100 | 1 | _aملا، آنند نرائن | |
| 245 | 1 | 0 |
_aجوے شیر / _cآنند نرائن ملا _b |
| 260 |
_aلکھنؤ : _bNami Press, _c۔۱۹۵۰ |
||
| 300 |
_aص۔ ۳۹۲ ؛ _c۲۲ سم۔ |
||
| 650 | 4 | _aUrdu poetry | |
| 942 |
_2ddc _cBK |
||
| 999 |
_c248934 _d248934 |
||